[Event "Belgrade-chT Quality"]
[Site "Belgrade"]
[Date "2012.11.02"]
[Round "11.2"]
[White "Milentijevic, Vojislav"]
[Black "Zivkovic, Vesna"]
[Result "0-1"]
[WhiteElo "2068"]
[BlackElo "2097"]
[PlyCount "86"]
[EventDate "2012.10.13"]
[EventType "team-tourn"]
[EventRounds "11"]
[EventCountry "SRB"]
[SourceTitle "EXT 2019"]
[Source "ChessBase"]
[SourceDate "2018.10.10"]
[SourceVersion "1"]
[SourceVersionDate "2018.10.10"]
[SourceQuality "1"]

1. e4 c5 2. Nc3 Nc6 3. g3 g6 4. Bg2 Bg7 5. f4 e6 6. Nf3 d6 7. d3 Nge7 8. 0-0 0-0 9. Be3 Nd4 10. e5 Nef5 11. Bf2 Nxf3+ 12. Qxf3 Nd4 13. Qd1 dxe5 14. fxe5 Bxe5 15. Ne4 Nf5 16. c3 Nd6 17. Nxc5 Rb8 18. d4 Bg7 19. Be3 Bd7 20. Nxd7 Qxd7 21. Bf4 Rbc8 22. Qe2 b6 23. Rae1 Nc4 24. Bc1 b5 25. a3 a5 26. Be4 b4 27. axb4 axb4 28. Bd3 bxc3 29. bxc3 Nd6 30. Bd2 Ra8 31. Bf4 Ra3 32. Bd2 Qa7 33. Kh1 Ra2 34. Bb1 Rb2 35. Qd3 Qb7+ 36. Kg1 Nf5 37. Bc2 Qc6 38. Rb1 Rxc2 39. Qxc2 Bxd4+ 40. Rf2 Bxf2+ 41. Kxf2 Qc5+ 42. Kg2 Rd8 43. Re1 Qd5+ 0-1

[Event "Belgrade-chT Quality"]
[Site "Belgrade"]
[Date "2012.11.01"]
[Round "10"]
[White "Zivkovic, Vesna"]
[Black "Gavric, Gazimir"]
[Result "1-0"]
[WhiteElo "2097"]
[BlackElo "1933"]
[PlyCount "73"]
[EventDate "2012.10.13"]
[EventType "team-tourn"]
[EventRounds "11"]
[EventCountry "SRB"]
[SourceTitle "EXT 2019"]
[Source "ChessBase"]
[SourceDate "2018.10.10"]
[SourceVersion "1"]
[SourceVersionDate "2018.10.10"]
[SourceQuality "1"]

1. d4 Nf6 2. Nf3 d5 3. e3 Bg4 4. Be2 Nbd7 5. 0-0 e6 6. b3 Bd6 7. Bb2 0-0 8. c4 c6 9. Nbd2 Rc8 10. h3 Bh5 11. Ne5 Bg6 12. Nxg6 hxg6 13. Qc2 Bb8 14. Rfe1 Qc7 15. g3 Nh7 16. Nf3 f5 17. Bf1 Nhf6 18. Bg2 Ne4 19. Ne5 g5 20. Qe2 Ndf6 21. Rac1 Qa5 22. a3 Bxe5 23. dxe5 Nd7 24. Red1 b5 25. Bxe4 fxe4 26. Qg4 Rce8 27. cxd5 cxd5 28. Rc6 Rf5 29. Rxe6 Ref8 30. Rg6 Nxe5 31. Bxe5 Rxe5 32. Rxg5 Qc7 33. Rxd5 Qc1+ 34. Kg2 Rxg5 35. Rxg5 Qb2 36. Qe6+ Rf7 37. Rf5 1-0

[Event "Belgrade-chT Quality"]
[Site "Belgrade"]
[Date "2012.10.31"]
[Round "9.1"]
[White "Zarkovic, Mila"]
[Black "Zivkovic, Vesna"]
[Result "1/2-1/2"]
[WhiteElo "1993"]
[BlackElo "2097"]
[PlyCount "64"]
[EventDate "2012.10.13"]
[EventType "team-tourn"]
[EventRounds "11"]
[EventCountry "SRB"]
[SourceTitle "EXT 2019"]
[Source "ChessBase"]
[SourceDate "2018.10.10"]
[SourceVersion "1"]
[SourceVersionDate "2018.10.10"]
[SourceQuality "1"]

1. e4 c5 2. Nf3 d6 3. d4 cxd4 4. Nxd4 Nf6 5. Nc3 a6 6. Bc4 e6 7. Bb3 Be7 8. Be3 Nc6 9. Qe2 Qc7 10. 0-0-0 0-0 11. Rhg1 b5 12. g4 Na5 13. g5 Nxb3+ 14. axb3 Ne8 15. Qh5 g6 16. Qh4 b4 17. Na4 Bd7 18. Kb1 Ng7 19. f4 f5 20. exf5 exf5 21. Rge1 Rfe8 22. Qf2 Bf8 23. Qd2 Rab8 24. Re2 Re4 25. Bg1 Rxe2 26. Qxe2 a5 27. Qf3 Qb7 28. Qd3 Rc8 29. Qd2 Re8 30. Nb6 Qxb6 31. Nxf5 Qc6 32. Nh6+ Kh8 1/2-1/2

[Event "SRB-chT (Women)"]
[Site "Valjevo"]
[Date "2012.09.27"]
[Round "11.2"]
[White "Zivkovic, Vesna"]
[Black "Milanovic, Maja"]
[Result "1-0"]
[WhiteElo "2097"]
[BlackElo "1971"]
[PlyCount "51"]
[EventDate "2012.09.17"]
[EventType "team-tourn"]
[EventRounds "11"]
[EventCountry "SRB"]
[SourceTitle "CBM 150 Extra"]
[Source "ChessBase"]
[SourceDate "2012.10.19"]
[SourceVersion "1"]
[SourceVersionDate "2012.10.19"]
[SourceQuality "1"]
[WhiteTeam "Rudovci Radnicki (W)"]
[BlackTeam "Belgrade Nestor (W)"]
[WhiteTeamCountry "SRB"]
[BlackTeamCountry "SRB"]

1. d4 Nf6 2. g3 c5 3. e3 e6 4. Bg2 d5 5. Ne2 Bd6 6. 0-0 0-0 7. b3 Nc6 8. Bb2 Bd7 9. c4 dxc4 10. bxc4 Qc7 11. Nbc3 a6 12. Na4 cxd4 13. exd4 b5 14. cxb5 axb5 15. Nc5 Rac8 16. Rc1 Qa7 17. Nc3 Ne7 18. Nxd7 Qxd7 19. Qe2 b4 20. Ne4 Nxe4 21. Bxe4 Nd5 22. Qf3 Be7 23. Rfe1 Nb6 24. Bb1 Nc4 25. Rxc4 Rxc4 26. Qd3 1-0

[Event "SRB-chT (Women)"]
[Site "Valjevo"]
[Date "2012.09.24"]
[Round "8.2"]
[White "Zivic, Radmila"]
[Black "Zivkovic, Vesna"]
[Result "1-0"]
[WhiteElo "2022"]
[BlackElo "2097"]
[PlyCount "67"]
[EventDate "2012.09.17"]
[EventType "team-tourn"]
[EventRounds "11"]
[EventCountry "SRB"]
[SourceTitle "CBM 150 Extra"]
[Source "ChessBase"]
[SourceDate "2012.10.19"]
[SourceVersion "1"]
[SourceVersionDate "2012.10.19"]
[SourceQuality "1"]
[WhiteTeam "Belgrade Rad (W)"]
[BlackTeam "Rudovci Radnicki (W)"]
[WhiteTeamCountry "SRB"]
[BlackTeamCountry "SRB"]

1. e4 c5 2. Nf3 d6 3. d4 cxd4 4. Nxd4 Nf6 5. Nc3 a6 6. Rg1 e5 7. Nb3 Be6 8. g4 Be7 9. g5 Nfd7 10. Be3 Nc6 11. Nd5 Nc5 12. f3 Rc8 13. Qd2 Nxb3 14. axb3 Bxd5 15. exd5 Nd4 16. Bxd4 exd4 17. h4 0-0 18. 0-0-0 Qb6 19. Rg4 Qxb3 20. Rxd4 Rc5 21. Kb1 Qxf3 22. Be2 Qg3 23. Rg4 Qh2 24. Qe3 Bd8 25. Re4 Bb6 26. Qb3 Qg2 27. Bf3 Qg3 28. Rg4 Qe5 29. Qxb6 Rb5 30. Qd4 Qf5 31. Be2 Qd7 32. h5 Kh8 33. h6 f5 34. gxf6 1-0